00374nam a2200097Ia 450000500170000000800410001710000380005824501280009626000390022465000130026320260328104246.0260328s9999||||xx |||||||||||||| ||und|| aDomínguez Torres, Mario Alberto 0aRecordar la Fundación, Celebrar el Futuro :b 1938. El cuarto centenario de Bogotá. /cMario Alberto Domínguez Torres bUniversidad Católica de Colombia aHISTORIA